00430nam a2200181Ia 4500003000400000005001700004008004100021020001800062040000700080041000800087082002000095100002100115245003000136250000600166260004700172300001600219365001300235OSt20230509094532.0210423s2009 xx 000 0 und d a9788131727416 cAL aeng a573.21 SUDP223 aSUDBERY (Peter). aHuman molecular genetics. a2 aNew DelhibPearson Education Pvt Ltdc2009 axiv,364bPB b425cINR